Catalog

Record Details

Catalog Search



Kniha Rút : ze zápisků archeologa Michaela S.  Cover Image Book Book

Kniha Rút : ze zápisků archeologa Michaela S. / Hanns Cibulka ; z něm. přel. a doslov napsal Otakar Veselý ; obálka a graf. úprava Bob Rakušan

Cibulka, Hanns, 1920-2004 (Author). Veselý, Otakar, 1932-2008 (Translator, Author of introduction, etc.).

Record details

  • ISBN: 80-7021-024-9
  • Physical Description: 148 s. ; 17 cm
  • Edition: 1. vyd.
  • Publisher: Praha : Vyšehrad, 1990

Content descriptions

General Note:
12000 výt.
Pozn. o autorovi
Frontispis

Available copies

  • 1 of 1 copy available at Common Catalog SPOK.

Holds

  • 0 current holds with 1 total copy.
Show Only Available Copies
Location Call Number / Copy Notes Barcode Shelving Location Status Due Date
KDS Library 810CiH 204576804510 Stacks Available -

Electronic resources

Version of Resource: Digitalizovaný dokument


LDR 01086nam a2200313 4500
00147523
003CZ-PrJAB
00520201111084633.0
007tu
008900628s1990 xr u0|0 cze
015 . ‡acnb000054244
020 . ‡a80-7021-024-9 ‡q(váz.) : ‡cKčs 11,00
035 . ‡a(CZ PrNK)gk48120355
040 . ‡aABA001 ‡bcze ‡dABA001
0411 . ‡acze ‡hger
080 . ‡a830(430.2)-32 ‡2undef
1001 . ‡aCibulka, Hanns, ‡d1920-2004 ‡7jn19990009527 ‡4aut
24510. ‡aKniha Rút : ‡bze zápisků archeologa Michaela S. / ‡cHanns Cibulka ; z něm. přel. a doslov napsal Otakar Veselý ; obálka a graf. úprava Bob Rakušan
250 . ‡a1. vyd.
260 . ‡aPraha : ‡bVyšehrad, ‡c1990 ‡e(Vimperk : ‡fStráž)
300 . ‡a148 s. ; ‡c17 cm
500 . ‡a12000 výt.
500 . ‡aPozn. o autorovi
500 . ‡aFrontispis
7001 . ‡aVeselý, Otakar, ‡d1932-2008 ‡7jk01142206 ‡4trl ‡4aui
7650 . ‡tBuch Ruth ‡9Česky
85641. ‡uhttp://krameriusndk.nkp.cz/search/handle/uuid:bbf1b710-9075-11e2-9a9f-005056827e51 ‡yDigitalizovaný dokument
910 . ‡aABE463
901 . ‡a47523 ‡bCZ-PrJAB ‡c47523 ‡tbiblio

Additional Resources